Pro Sports Teams in Ohio, Tennessee, North Carolina - Statistics

General Stats
  • This quiz has been taken 44 times
  • The average score is 14 of 16
Answer Stats
League Team % Correct
NFL Carolina Panthers
100%
NFL Cincinnati Bengals
100%
NFL Cleveland Browns
100%
NBA Charlotte Hornets
98%
NFL Tennessee Titans
98%
MLB Cincinnati Reds
95%
NBA Cleveland Cavaliers
93%
MLB Cleveland Guardians
93%
NHL Columbus Blue Jackets
93%
NHL Carolina Hurricanes
90%
NBA Memphis Grizzlies
90%
NHL Nashville Predators
90%
MLS Columbus Crew
73%
MLS Nashville FC
66%
MLS Charlotte FC
56%
MLS FC Cincinnati
49%
No matching quizzes found
Score Distribution
Percent of People with Each Score
Percentile by Number Answered
Your Score History
You have not taken this quiz